| 000 | 01017nam a2200241 a 4500 | ||
|---|---|---|---|
| 001 | 48549 | ||
| 003 | BD-RjUL | ||
| 005 | 20211209054537.0 | ||
| 008 | 160814s1965 bg ||||| |||| 00| 0 ben d | ||
| 020 | _c: Tk.2.00 | ||
| 035 | _a(BD-RjUL)48668 | ||
| 040 |
_aBD-RjUL _bben _cBD-RjUL _dBD-RjUL |
||
| 041 | _aben | ||
| 082 |
_223 _a891.439308 _bNUT 1965 |
||
| 110 |
_aপাকিস্তান পাবলিকেশান্স্ _9146720 |
||
| 245 | 1 | 0 |
_aনূতন উর্দু গল্প : _b(আধুনিক উর্দু গল্পের সংকলন) / _cপাকিস্তান পাবলিকেশান্স্ |
| 246 | _b২য় সং. | ||
| 260 |
_aঢাকা : _bপাকিস্তান পাবলিকেশান্স্, _c১৯৬৫ |
||
| 300 |
_a৯৬ পৃ. ; _c২৪ সেমি. |
||
| 650 |
_aউর্দু উপন্যাস _9144016 _vসংগ্রহ |
||
| 650 |
_aUrdu Fictions _9144017 _vCollections |
||
| 942 |
_2ddc _cBK |
||
| 999 |
_c48549 _d48549 |
||